Mistrzostwa Europy 2008 - Statystyki

Ogólne statystyki
  • Ten quiz został rozwiązany 259 razy
  • Średni wynik to 12 z 22
Statystyki odpowiedzi
Pozycja Hiszpania % Poprawnych
BR Iker Casillas
96%
LP Andres Iniesta
92%
ŚP Xavi
91%
N Fernando Torres
90%
PO Sergio Ramos
88%
ŚO Carles Puyol
87%
N Miroslav Klose
85%
LO Philipp Lahm
79%
LP Lukas Podolski
75%
BR Jens Lehmann
58%
ŚPO Michael Ballack
56%
PP Bastian Schweinsteiger
55%
PP David Silva
54%
ŚP Cesc Fabregas
48%
LO Joan Capdevila
34%
ŚO Per Mertesacker
29%
ŚPD Marcos Senna
27%
ŚPD Torsten Frings
25%
ŚO Christoph Metzelder
22%
ŚO Carlos Marchena
15%
PO Arne Friedrich
10%
ŚPD Thomas Hitzlsperger
4%
Nie znaleziono quizów pasujących do podanych kryteriów
Rozkład punktacji
Procent ludzi z każdym wynikiem
Percentyl według liczby udzielonych odpowiedzi
Twoja historia wyników
Nie rozwiązałeś tego quizu